[Event "IECG TE.2005.S.01803"]
[Site "IECG email"]
[Date "2006.05.05"]
[Round "?"]
[White "Niewold, Jaap"]
[Black "De Clercq, Julien"]
[Result "0-1"]
[WhiteElo "1677"]
[BlackElo "2031"]
[PlyCount "116"]
[EventDate "2006.05.05"]
[EventType "tourn (corr)"]
[EventRounds "2"]
[SourceTitle "Corr 2008"]
[Source "ChessBase"]
[SourceDate "2008.06.24"]
[SourceVersion "1"]
[SourceVersionDate "2008.06.24"]
[SourceQuality "1"]

1. d4 Nf6 2. c4 c5 3. d5 b5 4. Nf3 bxc4 5. Nc3 d6 6. e4 Nbd7 7. Bxc4 g6 8. 0-0 Bg7 9. Re1 0-0 10. Bf4 Ng4 11. h3 Nge5 12. Nxe5 Nxe5 13. Bf1 Qb6 14. b3 Ba6 15. Rb1 Bxf1 16. Rxf1 Rab8 17. Qe2 h6 18. Rbc1 Rfc8 19. Na4 Qb5 20. Qxb5 Rxb5 21. Rfd1 Rb4 22. f3 f5 23. Bd2 Rbb8 24. exf5 gxf5 25. Be3 Ng6 26. Rd2 f4 27. Bf2 Kf7 28. Rc4 e6 29. dxe6+ Kxe6 30. Nb2 Bxb2 31. Rxb2 Kd7 32. Rd2 Kc6 33. Rdc2 a5 34. Ra4 Ra8 35. Re2 Re8 36. Rxe8 Rxe8 37. Rxa5 Ne5 38. Ra6+ Kd5 39. Kf1 h5 40. Be1 Nd3 41. Bd2 Re7 42. Rb6 Rd7 43. a4 Kd4 44. a5 d5 45. a6 Ra7 46. Ke2 h4 47. Rh6 Ra8 48. Kd1 Nb4 49. Bxf4 Kc3 50. Bd2+ Kxb3 51. Bxb4 cxb4 52. Kc1 Ka3 53. Kc2 b3+ 54. Kb1 d4 55. Rb6 d3 56. Kc1 Ka2 57. f4 d2+ 58. Kxd2 b2 0-1

[Event "IECG TE.2005.S.01803"]
[Site "IECG email"]
[Date "2006.05.05"]
[Round "?"]
[White "Raats, Tom"]
[Black "De Clercq, Julien"]
[Result "1-0"]
[WhiteElo "1700"]
[BlackElo "2031"]
[PlyCount "80"]
[EventDate "2006.05.05"]
[EventType "tourn (corr)"]
[EventRounds "2"]
[SourceTitle "Corr 2008"]
[Source "ChessBase"]
[SourceDate "2008.06.24"]
[SourceVersion "1"]
[SourceVersionDate "2008.06.24"]
[SourceQuality "1"]

1. d4 Nf6 2. c4 c5 3. d5 b5 4. Nf3 g6 5. cxb5 d6 6. Nc3 Bg7 7. e4 0-0 8. Be2 a6 9. 0-0 axb5 10. Bxb5 Nbd7 11. Bg5 h6 12. Be3 Ng4 13. Bc1 Ba6 14. Bxa6 Rxa6 15. Nd2 Ngf6 16. a4 Qa8 17. f3 Rb8 18. Ra3 Rb4 19. b3 e6 20. Nc4 exd5 21. exd5 Nb6 22. Ne3 Rd4 23. Qe2 Nbxd5 24. Nb5 Rb4 25. Nc4 Ne8 26. Bd2 Rxb5 27. axb5 Rxa3 28. Nxa3 Nec7 29. Bc1 Qa5 30. Qd3 Qb6 31. Kh1 Nb4 32. Qe2 d5 33. f4 Qe6 34. Qxe6 fxe6 35. Be3 Bb2 36. b6 Nca6 37. Nb5 Kf7 38. Nc7 Bc3 39. b7 d4 40. f5 exf5 1-0

[Event "IECG TE.2005.S.01803"]
[Site "IECG email"]
[Date "2006.05.05"]
[Round "?"]
[White "Schloegl, Dietrich"]
[Black "De Clercq, Julien"]
[Result "0-1"]
[WhiteElo "1800"]
[BlackElo "2031"]
[PlyCount "129"]
[EventDate "2006.05.05"]
[EventType "tourn (corr)"]
[EventRounds "2"]
[SourceTitle "Corr 2008"]
[Source "ChessBase"]
[SourceDate "2008.06.24"]
[SourceVersion "1"]
[SourceVersionDate "2008.06.24"]
[SourceQuality "1"]

1. d4 Nf6 2. c4 c5 3. d5 b5 4. Nf3 Bb7 5. a4 Qa5+ 6. Bd2 b4 7. Qc2 e6 8. e4 d6 9. Bd3 Be7 10. 0-0 0-0 11. Bf4 Nbd7 12. Nbd2 e5 13. Nb3 Qc7 14. Bd2 Nh5 15. Rfe1 Rae8 16. a5 Bd8 17. Be3 Bc8 18. Rab1 Be7 19. Rbd1 Nf4 20. Bxf4 exf4 21. e5 h6 22. exd6 Bxd6 23. Bh7+ Kh8 24. Bf5 g6 25. Rxe8 Rxe8 26. Bxg6 fxg6 27. Qxg6 Re7 28. Qxh6+ Rh7 29. Qg5 Nf8 30. Re1 Rg7 31. Qh5+ Kg8 32. h3 Qd8 33. Re8 Qd7 34. Kh2 Qc7 35. Kg1 Bd7 36. Re1 Qc8 37. Kf1 Bf5 38. Nfd2 Bd3+ 39. Kg1 Bg6 40. Qf3 Qf5 41. Ne4 Re7 42. Nbd2 Nd7 43. b3 Be5 44. g4 fxg3 45. Qxf5 Bxf5 46. Nxg3 Bxh3 47. Nf3 Kf8 48. Kh2 Bg4 49. Kg2 Bc7 50. Rh1 Nf6 51. Rh8+ Kg7 52. Ra8 Bxf3+ 53. Kxf3 Bxg3 54. fxg3 Ne4 55. Kf4 Nd2 56. d6 Rf7+ 57. Ke5 Nxb3 58. Ke6 Nd4+ 59. Kd5 b3 60. Rb8 Rf5+ 61. Ke4 Re5+ 62. Kd3 Re1 63. Kc3 Rd1 64. Kb2 Nc6 65. Rc8 0-1

[Event "IECG TE.2005.S.01803"]
[Site "IECG email"]
[Date "2006.05.05"]
[Round "?"]
[White "Vyzharov, Ivan"]
[Black "De Clercq, Julien"]
[Result "1-0"]
[WhiteElo "2122"]
[BlackElo "2031"]
[PlyCount "71"]
[EventDate "2006.05.05"]
[EventType "tourn (corr)"]
[EventRounds "2"]
[SourceTitle "Corr 2008"]
[Source "ChessBase"]
[SourceDate "2008.06.24"]
[SourceVersion "1"]
[SourceVersionDate "2008.06.24"]
[SourceQuality "1"]

1. d4 Nf6 2. c4 c5 3. d5 b5 4. Nf3 Bb7 5. a4 Qa5+ 6. Bd2 b4 7. Qc2 d6 8. e4 e5 9. Be2 Qd8 10. Bc1 Bc8 11. Nbd2 Be7 12. 0-0 0-0 13. Re1 Nbd7 14. Nf1 Re8 15. Ng3 Nf8 16. Nf5 Ng6 17. a5 Rb8 18. Bd1 a6 19. Qd3 Rf8 20. Ba4 Qxa5 21. Nxe7+ Nxe7 22. Nh4 Qd8 23. Bg5 Ng6 24. Nxg6 fxg6 25. f4 exf4 26. Bc6 Qe7 27. Bxf4 Ng4 28. Rf1 Rf6 29. Qd2 h6 30. b3 Ne5 31. Bg3 Rb6 32. Rxf6 Qxf6 33. Rf1 Qe7 34. Bxe5 Qxe5 35. Qf2 Rb8 36. Qf8+ 1-0

[Event "IECG TE.2005.P.01807 email"]
[Site "IECG email"]
[Date "2005.03.24"]
[Round "?"]
[White "De Clercq, Julien"]
[Black "Grammenos, Nikos"]
[Result "1-0"]
[WhiteElo "2031"]
[BlackElo "800"]
[PlyCount "35"]
[EventDate "2005.03.24"]
[EventType "tourn (corr)"]
[EventRounds "12"]
[SourceTitle "Corr 2024"]
[Source "ChessBase"]
[SourceDate "2023.10.19"]
[SourceVersion "1"]
[SourceVersionDate "2023.10.19"]
[SourceQuality "1"]

1. d4 Nf6 2. c4 c5 3. d5 b5 4. Nf3 a6 5. Qc2 e6 6. e4 e5 7. cxb5 axb5 8. Bxb5 Be7 9. Nxe5 0-0 10. Nc4 d6 11. 0-0 Nfd7 12. Bf4 Qc7 13. Nba3 Nb6 14. Qb3 N8d7 15. Qg3 Nxc4 16. Nxc4 Ne5 17. Nxe5 dxe5 18. Bxe5 1-0

[Event "IECG TE.2005.P.01807 email"]
[Site "IECG email"]
[Date "2005.03.24"]
[Round "?"]
[White "Grammenos, Nikos"]
[Black "De Clercq, Julien"]
[Result "0-1"]
[WhiteElo "800"]
[BlackElo "2031"]
[PlyCount "42"]
[EventDate "2005.03.24"]
[EventType "tourn (corr)"]
[EventRounds "12"]
[SourceTitle "Corr 2024"]
[Source "ChessBase"]
[SourceDate "2023.10.19"]
[SourceVersion "1"]
[SourceVersionDate "2023.10.19"]
[SourceQuality "1"]

1. d4 Nf6 2. c4 c5 3. d5 b5 4. Nf3 Bb7 5. a3 bxc4 6. Nc3 Qa5 7. Bd2 Qb6 8. e4 e6 9. dxe6 dxe6 10. Bxc4 Nxe4 11. Nxe4 Bxe4 12. b3 Nc6 13. Rb1 Bxb1 14. Qxb1 Be7 15. 0-0 0-0 16. Bg5 h6 17. Bxe7 Nxe7 18. Ne5 Rad8 19. Rd1 Rxd1+ 20. Qxd1 Qa5 21. a4 Rd8 0-1

[Event "IECG CA.2004.0.00137 email"]
[Site "IECG email"]
[Date "2004.10.10"]
[Round "?"]
[White "Vieira, Fernando Fons A"]
[Black "De Clercq, Julien"]
[Result "1-0"]
[WhiteElo "2051"]
[BlackElo "2050"]
[PlyCount "49"]
[EventDate "2004.10.10"]
[EventType "tourn (corr)"]
[EventRounds "6"]
[SourceTitle "Corr 2008"]
[Source "ChessBase"]
[SourceDate "2008.06.24"]
[SourceVersion "1"]
[SourceVersionDate "2008.06.24"]
[SourceQuality "1"]

1. Nf3 Nf6 2. g3 d5 3. Bg2 c6 4. d3 Nbd7 5. 0-0 e5 6. Nbd2 Bd6 7. e4 0-0 8. exd5 cxd5 9. c4 Nb6 10. Re1 Re8 11. cxd5 Nfxd5 12. Nc4 f6 13. Nfd2 Bf8 14. d4 exd4 15. Rxe8 Qxe8 16. Nxb6 Nxb6 17. Nb3 Be6 18. Nxd4 Rd8 19. b3 Bd5 20. Qe2 Qxe2 21. Nxe2 Bc5 22. h4 a6 23. Bf4 Bxg2 24. Kxg2 g5 25. hxg5 1-0

[Event "IECG CA.2001.0.00027"]
[Site "IECG email"]
[Date "2002.04.26"]
[Round "?"]
[White "Rusak, Alexandr Victorovic"]
[Black "De Clercq, Julien"]
[Result "1-0"]
[WhiteElo "2017"]
[BlackElo "2116"]
[PlyCount "105"]
[EventDate "2001.11.28"]
[EventType "tourn (corr)"]
[EventRounds "6"]
[SourceTitle "Corr 2008"]
[Source "ChessBase"]
[SourceDate "2008.06.24"]
[SourceVersion "1"]
[SourceVersionDate "2008.06.24"]
[SourceQuality "1"]

1. e4 c5 2. Nf3 d6 3. d4 cxd4 4. Nxd4 Nf6 5. Nc3 a6 6. Bg5 e6 7. f4 Be7 8. Qf3 Qc7 9. 0-0-0 Nbd7 10. g4 b5 11. Bxf6 Nxf6 12. g5 Nd7 13. f5 Bxg5+ 14. Kb1 Ne5 15. Qh5 Qd8 16. Rg1 Bf6 17. fxe6 0-0 18. Bh3 g6 19. exf7+ Kh8 20. Qh6 Bg7 21. Qe3 Rxf7 22. Be6 Nc4 23. Qd3 Bxe6 24. Nxe6 Qg8 25. Nd4 Qe8 26. Rg2 Qe5 27. Nf3 Qc5 28. Ng5 Rfa7 29. Nd5 Bxb2 30. c3 Ne5 31. Qf1 Bxc3 32. Qf6+ Kg8 33. Rc2 b4 34. Ne7+ Rxe7 35. Qxe7 Qa7 36. Qe6+ Kg7 37. Qxd6 Nc4 38. Qd7+ Qxd7 39. Rxd7+ Kg8 40. Re2 Rc8 41. Nf7 Na3+ 42. Kc1 Nb5 43. Rd8+ Rxd8 44. Nxd8 Kf8 45. Nc6 Kf7 46. Kc2 Ke6 47. Kd3 Kd7 48. Na5 Be5 49. Rf2 Bc7 50. Nb3 Ke8 51. Kc4 Bd6 52. e5 Be7 53. Nd4 1-0

[Event "IECG CA.2002.0.00046 email"]
[Site "IECG email"]
[Date "2002.04.24"]
[Round "?"]
[White "De Clercq, Julien"]
[Black "Massimini Gerbino, Massimiliano"]
[Result "0-1"]
[WhiteElo "2075"]
[BlackElo "2055"]
[PlyCount "62"]
[EventDate "2002.04.24"]
[EventType "tourn (corr)"]
[EventRounds "6"]
[SourceTitle "Corr 2008"]
[Source "ChessBase"]
[SourceDate "2008.06.24"]
[SourceVersion "1"]
[SourceVersionDate "2008.06.24"]
[SourceQuality "1"]

1. d4 Nf6 2. c4 e6 3. Nf3 b6 4. g3 Bb7 5. Bg2 Be7 6. 0-0 0-0 7. Nc3 Na6 8. Bf4 d5 9. Ne5 c5 10. Rc1 Ne4 11. cxd5 exd5 12. Nxe4 dxe4 13. dxc5 Nxc5 14. Nc4 Ne6 15. Be5 Rc8 16. Qa4 Bc6 17. Qd1 Bb5 18. b3 f5 19. f4 Qe8 20. Kh1 Qg6 21. Rc2 Bxc4 22. Rxc4 Rxc4 23. bxc4 Rd8 24. Qa4 Qg4 25. Re1 h5 26. Qxa7 Bc5 27. Bc7 Nxc7 28. Qxc7 Rd2 29. a4 Kh7 30. Qf7 Bf2 31. Ra1 Rxe2 0-1

[Event "IECG CA.2001.0.00027"]
[Site "IECG email"]
[Date "2002.01.30"]
[Round "?"]
[White "Peto, Peter"]
[Black "De Clercq, Julien"]
[Result "1/2-1/2"]
[WhiteElo "2083"]
[BlackElo "2116"]
[PlyCount "71"]
[EventDate "2001.11.28"]
[EventType "tourn (corr)"]
[EventRounds "6"]
[SourceTitle "Corr 2008"]
[Source "ChessBase"]
[SourceDate "2008.06.24"]
[SourceVersion "1"]
[SourceVersionDate "2008.06.24"]
[SourceQuality "1"]

1. e4 c5 2. Nf3 d6 3. d4 cxd4 4. Nxd4 Nf6 5. Nc3 a6 6. Bc4 e6 7. Bb3 b5 8. 0-0 Be7 9. Qf3 Qc7 10. Qg3 0-0 11. Re1 Kh8 12. a3 Nc6 13. Nxc6 Qxc6 14. Be3 a5 15. Bd4 Rg8 16. f3 a4 17. Ba2 Rb8 18. Qf2 Ba6 19. Ne2 Rgd8 20. c3 e5 21. Be3 d5 22. Ng3 Bc8 23. Rad1 Be6 24. Bb1 Rbc8 25. Nf5 Bxf5 26. exf5 Re8 27. g4 h6 28. Ba2 Rcd8 29. Re2 Rd7 30. Red2 Red8 31. h3 Kg8 32. Kf1 Qb7 33. Rd3 Bf8 34. Qg2 Qc7 35. Qf2 Qc6 36. R3d2 1/2-1/2

[Event "IECG CA.2001.0.00013"]
[Site "IECG email"]
[Date "2001.08.12"]
[Round "1"]
[White "Bourgoin, Claude"]
[Black "De Clercq, Julien"]
[Result "1/2-1/2"]
[WhiteElo "1800"]
[BlackElo "2143"]
[PlyCount "92"]
[EventDate "2001.08.12"]
[EventType "tourn (corr)"]
[EventRounds "6"]
[SourceTitle "Corr 2024"]
[Source "ChessBase"]
[SourceDate "2023.10.19"]
[SourceVersion "1"]
[SourceVersionDate "2023.10.19"]
[SourceQuality "1"]

1. Nf3 Nf6 2. d4 g6 3. c4 Bg7 4. Nc3 d5 5. cxd5 Nxd5 6. e3 0-0 7. Nxd5 Qxd5 8. Qc2 Nc6 9. Bc4 Qd6 10. Bd2 Be6 11. 0-0 Rfd8 12. Bxe6 Qxe6 13. b4 a6 14. a4 Rd7 15. Rfc1 Qd5 16. Rab1 Nd8 17. b5 Qe6 18. a5 Qd6 19. Qc4 axb5 20. Rxb5 c6 21. Rb6 Qd5 22. Qc2 Ra7 23. h3 f5 24. Qb1 Qe4 25. Qb4 Qe6 26. Qa3 Nf7 27. Rc5 Bf6 28. a6 Nd8 29. Ra5 Kg7 30. axb7 Raxb7 31. Rb4 Nf7 32. Qa4 Rxb4 33. Qxb4 g5 34. Bc3 Rd5 35. Qb3 g4 36. hxg4 fxg4 37. Nd2 Ng5 38. Bb4 Rxa5 39. Bxa5 Qxb3 40. Nxb3 e5 41. dxe5 Bxe5 42. Bb4 Ne6 43. f4 gxf3 44. gxf3 Kg6 45. f4 Bc7 46. Kg2 Bxf4 1/2-1/2

[Event "IECG CA.2001.0.00013"]
[Site "IECG email"]
[Date "2001.08.12"]
[Round "1"]
[White "Theussl, Manfred"]
[Black "De Clercq, Julien"]
[Result "1/2-1/2"]
[WhiteElo "2090"]
[BlackElo "2143"]
[PlyCount "114"]
[EventDate "2001.08.12"]
[EventType "tourn (corr)"]
[EventRounds "6"]
[SourceTitle "Corr 2024"]
[Source "ChessBase"]
[SourceDate "2023.10.19"]
[SourceVersion "1"]
[SourceVersionDate "2023.10.19"]
[SourceQuality "1"]

1. e4 c5 2. Nf3 d6 3. d4 cxd4 4. Nxd4 Nf6 5. Nc3 a6 6. Be2 e5 7. Nb3 Be7 8. 0-0 0-0 9. Kh1 Qc7 10. g4 Be6 11. g5 Nfd7 12. Nd5 Bxd5 13. exd5 Nc5 14. Nxc5 dxc5 15. a4 Nd7 16. f4 exf4 17. Bxf4 Bd6 18. Qd2 Rae8 19. Bd3 Ne5 20. Rad1 Nxd3 21. Bxd6 Qxd6 22. Qxd3 Re5 23. Qg3 Rfe8 24. Qf4 Qd7 25. d6 Re2 26. Qf5 R8e6 27. c4 Rxb2 28. Rf4 b6 29. Re4 Rf2 30. Qd5 g6 31. Rxe6 fxe6 32. Qe4 Kf8 33. Qe5 Qc6+ 34. Rd5 exd5 35. Qh8+ Kf7 36. Qxh7+ Ke6 37. Qe7+ Kf5 38. Qf6+ Kg4 39. Qxf2 Qxd6 40. Qf6 Qf4 41. cxd5 Qe4+ 42. Kg1 Qxd5 43. Qxg6 Qxg5 44. Qe4+ Kh3+ 45. Kf1 Qf6+ 46. Ke2 Kxh2 47. Qh7+ Kg3 48. Qd3+ Kf4 49. Qxa6 Qb2+ 50. Kd3 Qb3+ 51. Kd2 c4 52. Qc8 Qb2+ 53. Kd1 Qb1+ 54. Kd2 Qd3+ 55. Kc1 Qa3+ 56. Kd2 Qb4+ 57. Kc1 Qc3+ 1/2-1/2

[Event "IECG CA.2001.0.00007"]
[Site "IECG email"]
[Date "2001.06.14"]
[Round "?"]
[White "Dumins, Ilja"]
[Black "De Clercq, Julien"]
[Result "0-1"]
[WhiteElo "2000"]
[BlackElo "2147"]
[PlyCount "72"]
[EventDate "2001.06.14"]
[EventType "tourn (corr)"]
[EventRounds "6"]
[SourceTitle "Corr 2008"]
[Source "ChessBase"]
[SourceDate "2008.06.24"]
[SourceVersion "1"]
[SourceVersionDate "2008.06.24"]
[SourceQuality "1"]

1. e4 c5 2. Nf3 d6 3. d4 cxd4 4. Nxd4 Nf6 5. Nc3 a6 6. Bg5 e6 7. Qd2 h6 8. Bxf6 Qxf6 9. 0-0-0 Nc6 10. Nxc6 bxc6 11. f4 e5 12. g3 Be7 13. Re1 0-0 14. Bg2 Be6 15. Kb1 Rfb8 16. b3 Rb7 17. f5 Bc8 18. h4 a5 19. Na4 Rab8 20. Re3 Rb4 21. Nb2 a4 22. Nd3 R4b6 23. Nf2 d5 24. g4 Bb4 25. Qc1 Qd6 26. Rg3 Ra6 27. g5 axb3 28. Rxb3 Rba8 29. Qb2 Ba3 30. Qa1 c5 31. Ng4 c4 32. Qxe5 cxb3 33. Qe8+ Qf8 34. Qxf8+ Kxf8 35. cxb3 h5 36. Ne3 Bc5 0-1

[Event "IECG CA.2001.0.00002"]
[Site "IECG email"]
[Date "2001.04.29"]
[Round "?"]
[White "Menke, John R Sr"]
[Black "De Clercq, Julien"]
[Result "1-0"]
[WhiteElo "2016"]
[BlackElo "2162"]
[PlyCount "83"]
[EventDate "2001.04.29"]
[EventType "tourn (corr)"]
[EventRounds "5"]
[SourceTitle "Corr 2008"]
[Source "ChessBase"]
[SourceDate "2008.06.24"]
[SourceVersion "1"]
[SourceVersionDate "2008.06.24"]
[SourceQuality "1"]

1. Nf3 Nf6 2. c4 e6 3. Nc3 c5 4. g3 b6 5. Bg2 Bb7 6. 0-0 Be7 7. Re1 0-0 8. e4 d6 9. d4 cxd4 10. Nxd4 Qc8 11. Be3 Na6 12. Qe2 Nc5 13. Bg5 h6 14. Bd2 a6 15. f4 Qc7 16. Rad1 Rac8 17. b3 Rfe8 18. Bc1 Bf8 19. Qf1 g6 20. Bb2 Bg7 21. Qe2 e5 22. fxe5 dxe5 23. Nc2 b5 24. b4 Na4 25. Nxa4 bxa4 26. c5 a5 27. a3 axb4 28. axb4 Bc6 29. Na3 Rb8 30. Bc3 Rec8 31. Nc4 Bb5 32. Qa2 Ne8 33. Bf1 Qe7 34. Rd5 Qe6 35. Rd2 Rc7 36. Nb6 Qc6 37. Qd5 Bxf1 38. Qxc6 Rxc6 39. Rxf1 Rbxb6 40. Rd8 Kf8 41. cxb6 Rxb6 42. Ra8 1-0

[Event "IECG C1.2001.0.00343"]
[Site "IECG email"]
[Date "2001.03.04"]
[Round "?"]
[White "De Clercq, Julien"]
[Black "Rosner, Dirk"]
[Result "1-0"]
[WhiteElo "2162"]
[BlackElo "2129"]
[PlyCount "53"]
[EventDate "2001.03.04"]
[EventType "tourn (corr)"]
[EventRounds "6"]
[SourceTitle "Corr 2008"]
[Source "ChessBase"]
[SourceDate "2008.06.24"]
[SourceVersion "1"]
[SourceVersionDate "2008.06.24"]
[SourceQuality "1"]

1. d4 Nf6 2. c4 e6 3. Nf3 d5 4. Nc3 c5 5. cxd5 Nxd5 6. e4 Nxc3 7. bxc3 cxd4 8. cxd4 Bb4+ 9. Bd2 Bxd2+ 10. Qxd2 0-0 11. Bc4 Nc6 12. 0-0 b6 13. Rad1 Bb7 14. Rfe1 Rc8 15. d5 Na5 16. Bd3 exd5 17. e5 Nc4 18. Qf4 Nb2 19. Bxh7+ Kxh7 20. Ng5+ Kg6 21. h4 Qe7 22. h5+ Kh6 23. Nxf7+ Kh7 24. e6 Nxd1 25. Qf5+ Kg8 26. h6 Qh4 27. g3 1-0

[Event "IECG C1.2000.0.00320"]
[Site "IECG email"]
[Date "2000.??.??"]
[Round "?"]
[White "De Clercq, Julien"]
[Black "Laczay, Istvan"]
[Result "1/2-1/2"]
[WhiteElo "2187"]
[BlackElo "2070"]
[PlyCount "46"]
[EventDate "2000.11.20"]
[EventType "tourn (corr)"]
[EventRounds "6"]
[SourceTitle "Corr 2008"]
[Source "ChessBase"]
[SourceDate "2008.06.24"]
[SourceVersion "1"]
[SourceVersionDate "2008.06.24"]
[SourceQuality "1"]

1. e4 c5 2. Nf3 d6 3. d4 cxd4 4. Nxd4 Nf6 5. Nc3 g6 6. Bc4 Bg7 7. h3 a6 8. 0-0 b5 9. Bb3 Bb7 10. Re1 0-0 11. Nd5 e6 12. Nxf6+ Qxf6 13. Nf3 Qe7 14. Bf4 Rd8 15. Bg5 Bf6 16. Bxf6 Qxf6 17. Qd4 Qxd4 18. Nxd4 Nc6 19. Nxc6 Bxc6 20. c3 d5 21. e5 d4 22. Rad1 dxc3 23. bxc3 a5 1/2-1/2